| 000 | 00639nam a2200217Ia 4500 | ||
|---|---|---|---|
| 005 | 20241129110109.0 | ||
| 008 | 241129s9999||||xx |||||||||||||| ||und|| | ||
| 020 | _a978-1-009-10045-8 | ||
| 037 | _aTB | ||
| 040 |
_aARTS _beng _cARTS |
||
| 041 |
_aeng _2eng |
||
| 084 |
_aO111,1H38:g R3 _qARTS |
||
| 100 |
_aBazaz Abir Au. _9727205 |
||
| 245 | 0 |
_aNund Rishi: poetry and politics in medieval Kashmir _cBazaz Abir Au. |
|
| 260 |
_aCambridge, USA _bCambridge University Press _c2023 |
||
| 300 | _axii,281p. | ||
| 365 |
_aINR _b1095 |
||
| 650 | _aEnglish Poetry | ||
| 942 |
_cTB _hO111,1H38:g R3 |
||
| 999 |
_c1227291 _d1227291 |
||